000 00701nam a2200193Ia 4500
003 GCL
008 140319s9999 xx 000 0 ara d
040 _aGCL /
_cGCL
082 0 4 _a956.4
_bا ق
100 1 _aادوارد سعيد
245 1 0 _aالقضيه الفلسطينيه والمجتمع الامريكى /
_cادوارد سعيد
300 _a32 ص
490 _aاوراق مؤسسة الدراسات الفلسطسينية
_v0
650 0 4 _aالنزاع العربى الاسرائيلى
650 0 4 _aالولايات المتحدة الامريكية
650 0 4 _aالعلاقات الخارجية
650 0 4 _aفلسطين - العلاقات الخارجية
942 _2ddc
_cBK
999 _c47198
_d47198